Délmagyarország. - 1931. február 12., Csütörtök
Elmentve itt :
| Dokumentumtípus: | Újság |
|---|---|
| Megjelent: |
1931-02-12
|
| Sorozat: | Délmagyarország
7 No. 34 |
| Online Access: | http://dmarchiv.bibl.u-szeged.hu/6407 |
| LEADER | 00491nas a2200145 i 4500 | ||
|---|---|---|---|
| 001 | delm6407 | ||
| 005 | 20200414153537.0 | ||
| 008 | 171213s1931 hu n o 0|| hun d | ||
| 022 | |a 0133-025X | ||
| 040 | |a SZTE Délmagyarország Archívum |b hun | ||
| 041 | |a hun | ||
| 245 | 0 | 0 | |a Délmagyarország. - 1931. február 12., Csütörtök |h [elektronikus dokumentum] |
| 260 | |c 1931-02-12 | ||
| 490 | 0 | |a Délmagyarország |v 7 No. 34 | |
| 856 | 4 | 0 | |u http://dmarchiv.bibl.u-szeged.hu/6407/1/dm_1931_034.pdf |z Dokumentum-elérés |